| 000 | 00576 a2200169 4500 | ||
|---|---|---|---|
| 005 | 20250506081740.0 | ||
| 020 | _a978-0-07-248393-2 | ||
| 082 | _aLECT 302.2 IVY | ||
| 100 | _aINY, D. K. | ||
| 245 | _aGender Speak: Personal Effectiveness in Gender Communication. | ||
| 250 | _a3rd Ed | ||
| 260 |
_aLondon, _bMcGraw-Hill, _c2004. |
||
| 300 |
_axvii, 437p.: ill.; figurea, pictures, tables. _bindex, References, _c23cm, |
||
| 700 | _aBACKLUND, P. | ||
| 856 |
_yOnline Access Book, _fGender Speak: Personal Effectiveness in Gender Communication. _dwww.mhhe.com |
||
| 942 |
_2ddc _cBKS |
||
| 999 |
_c1974 _d1974 |
||